Damso ou Dinos ? - Statistiques

Statistiques générales
  • Ce quiz a été pris 128 fois
    13 depuis la dernière actualisation
  • Le résultat moyen est 7 sur 10
Statistiques - réponses
Question Réponse % Correct
A sorti un album en 2018 Les deux
100%
Est l'auteur de la chanson "Impardonnable" Damso
90%
Est né sur le continent africain Les deux
90%
Utilise un nom de scène Les deux
90%
A collaboré avec PLK Dinos
80%
Est lauréat du meilleur album de l'année des victoires de la musique 2019 Damso
70%
Est né en en 1992 Damso
60%
A sorti 6 albums studios Damso
50%
Est l'auteur de la chanson "Stars" Aucun
30%
A fait parti d'un groupe Damso
20%
Aucun quiz correspondant
Distribution des résultats
% des personnes avec chaque résultat
Percentile par nombre de réponses
Votre historique - résultats
Vous n’avez pas pris ce quiz depuis la dernière actualisation